Desarrollo de portafolios para el aprendizaje y la evaluación: procesos y principios

Guardat en:
Dades bibliogràfiques
Autor principal: Klenowski, Val (Autor)
Format: Llibre
Idioma:espanyol
Publicat: Madrid Narcea 2007
Edició:3a. ed
Col·lecció:Educación Hoy Estudios
Matèries:
Etiquetes: Afegir etiqueta
Sense etiquetes, Sigues el primer a etiquetar aquest registre!

MARC

LEADER 00000nam a2200000 a 4500
001 UCH5858
003 CL-VaPUC
008 091105e20070000SP |||||||||||||||||spa|d
020 |a 9788427714489 
082 0 4 |a 371.33  |b KLE  |2 21 
100 0 |a Klenowski, Val  |e author  |9 542232 
245 1 0 |a Desarrollo de portafolios para el aprendizaje y la evaluación: procesos y principios 
250 |a 3a. ed 
300 |a 180 p 
942 |c BK 
945 |d 20091105 00:00:00  |a rbrito 
260 |a Madrid  |b Narcea  |c 2007 
650 7 |a PORTAFOLIOS  |2 CL-VaPUC  |9 471250 
650 0 |a Evaluación de la educación   |9 237505 
650 0 |a Métodos de enseñanza  |9 270413 
650 0 |a Educación básica   |9 224933 
650 0 |a Aprendizaje   |9 254827 
583 |a last modification  |c 20091105 00:00:00  |k Rodrigo Vera 
490 0 |a Educación Hoy Estudios 
999 |c 336894  |d 336892 
952 |0 0  |1 0  |4 0  |6 371_330000000000000_KLE_2007  |7 0  |8 A  |9 428939  |a BIBEDU  |b BIBEDU  |d 2019-11-22  |i 4614372  |o 371.33 KLE 2007  |p 4614372  |r 2019-11-22  |w 2019-11-22  |y BK  |k EPE 
952 |0 0  |1 0  |4 0  |6 371_330000000000000_KLE_2007  |7 0  |8 A  |9 428940  |a BIBEDU  |b BIBEDU  |d 2019-11-22  |i 4716019  |o 371.33 KLE 2007  |p 4716019  |r 2019-11-22  |w 2019-11-22  |y BK  |k PAR 
952 |0 0  |1 0  |4 0  |6 371_330000000000000_KLE_2007  |7 0  |8 A  |9 428941  |a BIBEDU  |b BIBEDU  |d 2019-11-22  |i 4716027  |o 371.33 KLE 2007  |p 4716027  |r 2019-11-22  |w 2019-11-22  |y BK  |k PAR